| 000 | 00825nam a2200217Ia 4500 | ||
|---|---|---|---|
| 999 |
_c37722 _d37722 |
||
| 001 | 3697 | ||
| 003 | GE_BSU | ||
| 005 | 20190805155050.0 | ||
| 008 | 181216s2012||||dk |||||||||||||| ||ger|| | ||
| 020 | _a9783851325539 | ||
| 040 | _cGE_BSU | ||
| 080 | _a32(430) C-80 | ||
| 100 |
_aComte, Auguste _93109 |
||
| 245 |
_aSystem der positiven Politik. Dritter Band von vier Bänden III / _cEnthaltend die soziale Dynamik oder die allgemeine Abhandlung über den menschlichen Fortschritt. Aus dem Französischen übersetzt von Jürgen Brankel. |
||
| 264 |
_aBerlin : _bVerlag Turia + Kant, _c2012. |
||
| 300 |
_a524 с. ; _b24 см. |
||
| 653 | _aსოციალური დინამიკა | ||
| 653 | _aპოლიტიკა | ||
| 700 |
_aBrankel, Jürgen _eმთარგმნელი _92400 |
||
| 942 |
_cBK _2udc |
||